Library of the University of Algiers 3
Ibrahim Sultan Cheibout
شعار جامعة الجزائر 3
مكتبة جامعة الجزائر 3
إبراهيم سلطان شيبوط

الحماية القانونية لقواعد البيانات وفقا لقانون حق المؤلف : (رقم التسجيلة. 42781)

تفاصيل مارك
000 -LEADER
fixed length control field 01425nam a2200253Ia 4500
003 - CONTROL NUMBER IDENTIFIER
control field Ost
005 - DATE AND TIME OF LATEST TRANSACTION
control field 20260507075100.0
008 - FIXED-LENGTH DATA ELEMENTS--GENERAL INFORMATION
fixed length control field 260507s9999||||xx |||||||||||||| ||und||
020 ## - INTERNATIONAL STANDARD BOOK NUMBER
International Standard Book Number 7118403977
040 ## - CATALOGING SOURCE
Transcribing agency fsecg
041 ## - LANGUAGE CODE
Language code of text/sound track or separate title ara
082 ## - DEWEY DECIMAL CLASSIFICATION NUMBER
Classification number 346.0482
100 ## - MAIN ENTRY--PERSONAL NAME
Personal name الزعبي، محمد علي فارس
Relator term مؤلف
245 #0 - TITLE STATEMENT
Title الحماية القانونية لقواعد البيانات وفقا لقانون حق المؤلف :
Remainder of title دراسة مقارنة ما بين النظام اللاتيني والنظام الأنجلوأمريكي /
Statement of responsibility, etc. محمد علي فارس الزعبي
260 ## - PUBLICATION, DISTRIBUTION, ETC.
Place of publication, distribution, etc. الاسكندرية:
Name of publisher, distributor, etc. منشأة المعارف,
Date of publication, distribution, etc. 2003
300 ## - PHYSICAL DESCRIPTION
Extent 443 صفحة؛
Dimensions 24 سم
490 ## - SERIES STATEMENT
Series statement الكتب القانونية
504 ## - BIBLIOGRAPHY, ETC. NOTE
Bibliography, etc. note بيبليوغرافيا ص.405
520 ## - SUMMARY, ETC.
Summary, etc. التعريف وشروط الحماية،تعريف قاعدة البيانات،شروط الحماية،تحديد وتكييف قاعدة البيانات،تحديد المؤلف،تكييف قاعدة البيانات،الحقوق الواردة على قاعدة البيانات،الحقوق الأدبية،الحقوق المالية،الإستثناءات الواردة على حق الاستغلال المالي لمؤلف قاعدة البيانات
653 ## - INDEX TERM--UNCONTROLLED
Uncontrolled term حق التاليف والنشر
653 ## - INDEX TERM--UNCONTROLLED
Uncontrolled term قانون
653 ## - INDEX TERM--UNCONTROLLED
Uncontrolled term قواعد البيانات
942 ## - ADDED ENTRY ELEMENTS (KOHA)
Koha item type كتب
المقتنيات
Withdrawn status Lost status Source of classification or shelving scheme Damaged status Not for loan Home library Current library Date acquired Serial enumeration / chronology Inventory number Total checkouts Full call number Barcode Date last seen Price effective from Koha item type
    Dewey Decimal Classification   NOT LOAN / إعارة داخلية مكتبة كلية العلوم الإقتصادية والعلوم التجارية وعلوم التسيير مكتبة كلية العلوم الإقتصادية والعلوم التجارية وعلوم التسيير 07/05/2026 الطابق الأرضي 1051/1   أ/1051ن1 1051/1 07/05/2026 07/05/2026 كتب
    Dewey Decimal Classification   Available مكتبة كلية العلوم الإقتصادية والعلوم التجارية وعلوم التسيير مكتبة كلية العلوم الإقتصادية والعلوم التجارية وعلوم التسيير 07/05/2026 الطابق الأرضي 1051/2   أ/1051ن2 1051/2 07/05/2026 07/05/2026 كتب
    Dewey Decimal Classification   Available مكتبة كلية العلوم الإقتصادية والعلوم التجارية وعلوم التسيير مكتبة كلية العلوم الإقتصادية والعلوم التجارية وعلوم التسيير 07/05/2026 الطابق الأرضي 1051/3   أ/1051ن3 1051/3 07/05/2026 07/05/2026 كتب
    Dewey Decimal Classification   Available مكتبة كلية العلوم الإقتصادية والعلوم التجارية وعلوم التسيير مكتبة كلية العلوم الإقتصادية والعلوم التجارية وعلوم التسيير 07/05/2026 الطابق الثاني 1051/4   أ/1051ن4 1051/4 07/05/2026 07/05/2026 كتب
    Dewey Decimal Classification   Available مكتبة كلية العلوم الإقتصادية والعلوم التجارية وعلوم التسيير مكتبة كلية العلوم الإقتصادية والعلوم التجارية وعلوم التسيير 07/05/2026 الطابق الثاني 1051/5   أ/1051ن5 1051/5 07/05/2026 07/05/2026 كتب

موارد الويب المفتوحة


© University of Algiers 3 All Rights Reserved
|
Implemented by LECHELAH Riad